000 00436cam a2200181ua 4500
020 _c75.00
041 _aeng
_h
082 _a632.951
_bBRO/IN
100 _aBrown, A W A .
245 _aInsect control by Chemicals /
_cA.W.A.Brown.
_hTextual Documents
250 _a1 /
_b.
260 _aLondon :
_bJohn Wiley & Sons ,
_c1961.
300 _a817 ; .
365 _a75.00
504 _a
942 _cBK
999 _c1380
_d1380